000 00219 a2200097 4500
001 57012
100 _a
245 _aPrame Chand Key Bees Khanaya
260 _aLahore
_bBeacon Pub
_c2003
090 _c34935
_d34935
942 _aNUST-CAE
_cMONOGRAPH
_c27708
999 _c292085
_d292085